Ekonomika zemědělského sektoru v USA.

Charakteristika poľnohospodárskeho sektora USA. Štruktúra sektora vytvoreného rodinnými farmami podielnického alebo korporatívneho typu. Základné ekonomické ukazovatele, vymedzenie vykazovacích jednotiek. Koncepcia čistých peňažných príjmov a čistých príjmov fariem. Koncepcia agregovaného čistého zi...

Descrizione completa

Salvato in:
Dettagli Bibliografici
Autore principale: Doucha, Tomáš
Natura: Capitolo di libro
Lingua:ceco
Soggetti:
Tags: Aggiungi Tag
Nessun Tag, puoi essere il primo ad aggiungerne!!

MARC

LEADER 00000naa a2200000 4500
001 r013670
005 20221205080125.4
041 0 |a cze 
044 |a CZ 
245 1 0 |a Ekonomika zemědělského sektoru v USA.  |c T. Doucha 
520 |a Charakteristika poľnohospodárskeho sektora USA. Štruktúra sektora vytvoreného rodinnými farmami podielnického alebo korporatívneho typu. Základné ekonomické ukazovatele, vymedzenie vykazovacích jednotiek. Koncepcia čistých peňažných príjmov a čistých príjmov fariem. Koncepcia agregovaného čistého zisku (strát). Koncepcia pridanej hodnoty. Sústava národných účtov aplikovaná do poľnohospodárstva. Účet poľnohospodárskej produkcie USA. 
610 2 0 |a poľnohospodárstvo 
610 2 0 |a USA 
610 2 0 |a ukazovatele ekonomické 
610 2 0 |a metodika 
610 2 0 |a farmy 
610 2 0 |a produkcia 
610 2 0 |a účty národné 
100 1 |a Doucha, Tomáš